000
00349nam a2200145Ia 4500
008
260223s2014 xx 000 0 und d
020
_a
9789383290420
041
_a
eng
082
_a
610.734/SAN
100
_a
Rahane Sanjay
245
_a
Community Health NSG-I
260
_a
B.S.B. Pune
_b
PV, Pub
_c
2014
300
_a
238P
650
_a
Community
999
_c
1216409
_d
1216409